header

Enzyme kinetics (Record no. 250035)

MARC details
000 -LEADER
fixed length control field 01320nam a2200325 a 4500
100 1# - MAIN ENTRY--AUTHOR NAME
Personal name Alberty, Robert A.
245 10 - TITLE STATEMENT
Title Enzyme kinetics
260 ## - PUBLICATION, DISTRIBUTION, ETC. (IMPRINT)
Place of publication Hoboken, N.J. :
Name of publisher Wiley,
Year of publication 2011.
300 ## - PHYSICAL DESCRIPTION
Number of Pages 1 v. (various pagings) :
Other physical details ill.
490 1# - SERIES STATEMENT
Series statement Methods of biochemical analysis ;
500 ## - GENERAL NOTE
General note "A John Wiley & Sons, Inc., publication"--t.p.
650 #0 - SUBJECT ADDED ENTRY--TOPICAL TERM
Topical Term Enzyme kinetics.
Topical Term Chemical kinetics.
856 40 - ELECTRONIC LOCATION AND ACCESS
Uniform Resource Identifier http://site.ebrary.com/lib/rucke/Doc?id=10452954

No items available.

© 2026 Rongo University
Contact us: librarian | system librarian | Rongo university